000 00243nam a22000857a 4500
008 160831b xxu||||| |||| 00| 0 eng d
100 _9275
_aBlyton E
245 _aFamous five: Five go adventuring again-2
260 _aLondon
_bHodder publication
_c2004
999 _c2933
_d2933